Top 15 Countries with Covid-19 Deaths - 29 June - Statistics

General Stats
  • This quiz has been taken 35 times
  • The average score is 13 of 20
Answer Stats
country % Correct
United States
97%
France
91%
Russia
91%
Brazil
88%
Italy
88%
Spain
88%
United Kingdom
88%
India
85%
Germany
79%
Mexico
76%
Ireland
67%
Canada
64%
Sweden
64%
Iran
52%
Belgium
45%
Netherlands
45%
Chile
42%
Peru
42%
Switzerland
30%
Ecuador
27%
No matching quizzes found
Score Distribution
Percent of People with Each Score
Percentile by Number Answered
Your Score History
You have not taken this quiz